Documento firmado por Juan Álvarez (Record no. 4854)
[ view plain ]
| 000 -CABECERA | |
|---|---|
| campo de control de longitud fija | 01281nam a2200313 a 4500 |
| 001 - NÚMERO DE CONTROL | |
| campo de control | BRCA_5160 |
| 005 - FECHA Y HORA DE LA ÚLTIMA TRANSACCIÓN | |
| campo de control | 20190320204950.0 |
| 008 - DATOS DE LONGITUD FIJA--INFORMACIÓN GENERAL | |
| campo de control de longitud fija | 221110s1859----mx-######v---#000-0#spa-# |
| 041 ## - CÓDIGO DE LENGUA | |
| Código de lengua del texto/banda sonora o título independiente | spa |
| 044 ## - CÓDIGO DEL PAÍS DE LA ENTIDAD EDITORA/PRODUCTORA | |
| Código MARC del país | mx |
| 084 ## - OTRO NÚMERO DE CLASIFICACIÓN | |
| Número de clasificación | DOC107 |
| Número de documento/Ítem | .A48 |
| -- | 1859 |
| 100 1# - ENTRADA PRINCIPAL--NOMBRE DE PERSONA | |
| Nombre de persona | Álvarez, Juan |
| Fechas asociadas al nombre | 1790-1867 |
| 9 (RLIN) | 13196 |
| 245 10 - MENCIÓN DE TÍTULO | |
| Título | Documento firmado por Juan Álvarez |
| Mención de responsabilidad, etc. | Juan Álvarez y Juan Goroztiza. |
| 260 ## - PUBLICACIÓN, DISTRIBUCIÓN, ETC. | |
| Lugar de publicación, distribución, etc. | México |
| Fecha de publicación, distribución, etc. | 1859 |
| 300 ## - DESCRIPCIÓN FÍSICA | |
| Extensión | [1] foja |
| Dimensiones | 31 x 21 cm |
| 500 ## - NOTA GENERAL | |
| Nota general | Documento firmado en Tacubaya el 28 de marzo de 1859 |
| 500 ## - NOTA GENERAL | |
| Nota general | Álvarez nombra a Eduardo Goroztiza, Jefe Político del Distrito de Tacubaya |
| 500 ## - NOTA GENERAL | |
| Nota general | El documento contiene la leyenda DOC. #271 |
| 500 ## - NOTA GENERAL | |
| Nota general | Al margen: EJERCITO FEDERAL. DIVISIÓN DE OPERACIONES SOBRE EL INTERIOR. GENERAL EN GEFE |
| 500 ## - NOTA GENERAL | |
| Nota general | Estado de conservación: contiene rasgos de acidificación |
| 506 0# - NOTA DE RESTRICCIONES AL ACCESO | |
| Limitaciones de acceso | Fondo reservado: para su consulta es necesario credencial de usuario y carta de motivos |
| 546 ## - NOTA DE LENGUA/LENGUAJE | |
| Nota de lengua/lenguaje | Texto en: español de mediados del siglo XIX |
| 600 14 - PUNTO DE ACCESO ADICIONAL DE MATERIA--NOMBRE DE PERSONA | |
| Nombre de persona | Álvarez, Juan |
| Fechas asociadas al nombre | 1790-1867 |
| 9 (RLIN) | 13196 |
| 650 14 - PUNTO DE ACCESO ADICIONAL DE MATERIA--TÉRMINO DE MATERIA | |
| Término de materia o nombre geográfico como elemento de entrada | Diplomacia |
| Subdivisión de forma | Impreso con rúbricas |
| Subdivisión general | Documentos legales |
| Subdivisión cronológica | Federalismo y centralismo, 1824-1853 |
| Subdivisión geográfica | México |
| 9 (RLIN) | 13197 |
| 700 1# - PUNTO DE ACCESO ADICIONAL--NOMBRE DE PERSONA | |
| Nombre de persona | Goroztiza, Juan |
| 9 (RLIN) | 13198 |
| 700 1# - PUNTO DE ACCESO ADICIONAL--NOMBRE DE PERSONA | |
| Nombre de persona | Goro |
| 9 (RLIN) | 13199 |
| 902 ## - CATALOGADOR | |
| Iniciales | FDH |
| 942 ## - ELEMENTOS DE PUNTO DE ACCESO ADICIONAL (KOHA) | |
| Fuente del sistema de clasificación o colocación | Library of Congress Classification |
| Tipo de ítem Koha | Documentos |
| Estado de retiro | Estado de pérdida | Estado dañado | No para préstamo | Localización permanente | Ubicación/localización actual | Fecha de adquisición | Total de préstamos | Signatura topográfica completa | Código de barras | Fecha visto por última vez | Precio válido a partir de | Tipo de ítem Koha |
|---|---|---|---|---|---|---|---|---|---|---|---|---|
| El ejemplar forma parte de la colección y puede ser consultado según las políticas vigentes. | Biblioteca del Museo Franz Mayer (Rogerio Casas-Alatriste) | Biblioteca del Museo Franz Mayer (Rogerio Casas-Alatriste) | 22/11/2010 | DOC107 .A48 1859 | 5504 | 22/03/2019 | 22/03/2019 | Documentos |